000 00270nam a22001217a 4500
008 170920b xxu||||| |||| 00| 0 eng d
041 _aeng
080 _a7
100 _a45
101 _aART
245 _aART OF THE MEDIEVAL WORLD
_cZARNECKI/G
942 _2udc
_cBK
999 _c28448
_d28448